=LDR 00000nam 2200000 4500 =001 INLIS000000000003908 =005 20251112091305 =035 ##$$a 0010-0625000113 =245 1#$$a Guru Sekolah Dasar Sebagai Mitra Kerja Petugas Keluarga Berencana Dalam Rangka Peningkatan Pengelolaan Gerakan KB di Sulawesi Selatan /$c Mappeaty Nyorong =100 #$$a Mappeaty Nyorong =300 ##$$a xi, 59 hlm. : $b ilus. =260 ##$$a Makassar :$b Universitas Hasanuddin,$c 1991 =082 ##$$a 370.710 72 =084 ##$$a 370.710 72 MAP g =008 251112################g##########0#ind## =650 #4$$a Keluarga Berencana =990 ##$$a B-2025-01387